[Event "Bundesliga 0001"]
[Site "Deutschland"]
[Date "2001.04.28"]
[Round "14.5"]
[White "Proehl, Holger"]
[Black "De Firmian, Nick E"]
[Result "1/2-1/2"]
[WhiteElo "2386"]
[BlackElo "2567"]
[PlyCount "93"]
[EventDate "2000.10.14"]
[EventType "team"]
[EventRounds "15"]
[EventCountry "GER"]
[SourceTitle "Bundesliga 0001"]
[Source "DeepChess"]
[SourceDate "2005.01.01"]
[SourceVersion "1"]
[SourceVersionDate "2005.01.01"]
[SourceQuality "1"]
[WhiteTeam "USC Magdeburg"]
[BlackTeam "Luebecker SV von 1873 "]
[WhiteTeamCountry "GER"]
[BlackTeamCountry "GER"]

1. e4 c5 2. c3 Nf6 3. e5 Nd5 4. g3 d6 5. exd6 Qxd6 6. Bg2 Nc6 7. Nf3 Bf5 8. d4
Qe6+ 9. Qe2 Qxe2+ 10. Kxe2 e6 11. Be3 Bg4 12. h3 cxd4 13. cxd4 Bh5 14. Nc3 Nxe3
15. fxe3 f6 16. Rac1 O-O-O 17. g4 Be8 18. Ne4 Kb8 19. Rhd1 Nb4 20. Nc3 Nd5 21.
Kf2 Bc6 22. Ne1 h5 23. Nxd5 Bxd5 24. Bxd5 Rxd5 25. Nf3 Ra5 26. a3 Rb5 27. Rc2
hxg4 28. hxg4 Bd6 29. Kg2 Rb3 30. Re2 a6 31. Rc1 Ka7 32. Rcc2 Rb5 33. Rc1 e5
34. dxe5 Bxe5 35. Nxe5 Rxe5 36. Rc7 Rg5 37. Kf3 Rh3+ 38. Kf4 Rh1 39. Rcc2 Kb6
40. e4 Re5 41. Rc3 a5 42. Rb3+ Ka6 43. Rd3 Rf1+ 44. Rf3 Rg1 45. Rff2 a4 46. Rg2
Rf1+ 47. Ke3 1/2-1/2

[Event "Bundesliga 0001"]
[Site "Deutschland"]
[Date "2001.04.28"]
[Round "14.7"]
[White "Meier, Volker"]
[Black "Hansen, Lars Bo"]
[Result "1/2-1/2"]
[WhiteElo "2288"]
[BlackElo "2562"]
[PlyCount "95"]
[EventDate "2000.10.14"]
[EventType "team"]
[EventRounds "15"]
[EventCountry "GER"]
[SourceTitle "Bundesliga 0001"]
[Source "DeepChess"]
[SourceDate "2005.01.01"]
[SourceVersion "1"]
[SourceVersionDate "2005.01.01"]
[SourceQuality "1"]
[WhiteTeam "USC Magdeburg"]
[BlackTeam "Luebecker SV von 1873 "]
[WhiteTeamCountry "GER"]
[BlackTeamCountry "GER"]

1. e4 e6 2. d4 d5 3. Nd2 dxe4 4. Nxe4 Nd7 5. g3 Be7 6. Bg2 Ngf6 7. Nxf6+ Bxf6
8. Ne2 O-O 9. O-O e5 10. d5 Be7 11. b3 a6 12. Bb2 Bd6 13. f4 Qe7 14. Qd2 Bb4
15. c3 Ba3 16. Rae1 Bxb2 17. Qxb2 Re8 18. Nc1 f6 19. Qc2 Qd6 20. Nd3 Re7 21. c4
c5 22. dxc6 bxc6 23. fxe5 Nxe5 24. Nxe5 Rxe5 25. Rxe5 Qxe5 26. Qd2 Qc5+ 27. Qf2
Qxf2+ 28. Kxf2 Bd7 29. Rd1 Ra7 30. Rd6 Rc7 31. Ke3 Kf7 32. c5 Ke7 33. Kd4 Rc8
34. b4 Rc7 35. Kc3 Rc8 36. Kb3 a5 37. a4 Rb8 38. Rd4 Rxb4+ 39. Rxb4 axb4 40. a5
Kd8 41. a6 Kc7 42. Kxb4 Kb8 43. Be4 h6 44. Bg6 Ka7 45. Ka5 Bh3 46. Be4 Bd7 47.
Bg6 Bh3 48. Be4 1/2-1/2

[Event "Bundesliga 0001"]
[Site "Deutschland"]
[Date "2001.04.28"]
[Round "14.8"]
[White "Hector, Jonny"]
[Black "Studeny, Steffen"]
[Result "1-0"]
[WhiteElo "2509"]
[BlackElo "2271"]
[PlyCount "81"]
[EventDate "2000.10.14"]
[EventType "team"]
[EventRounds "15"]
[EventCountry "GER"]
[SourceTitle "Bundesliga 0001"]
[Source "DeepChess"]
[SourceDate "2005.01.01"]
[SourceVersion "1"]
[SourceVersionDate "2005.01.01"]
[SourceQuality "1"]
[WhiteTeam "Luebecker SV von 1873 "]
[BlackTeam "USC Magdeburg"]
[WhiteTeamCountry "GER"]
[BlackTeamCountry "GER"]

1. e4 g6 2. d4 Bg7 3. Nc3 c6 4. f4 d5 5. e5 h5 6. Nf3 Bg4 7. h3 Bxf3 8. Qxf3 e6
9. Bd3 h4 10. Be3 Nh6 11. O-O Bf8 12. Ne2 Nd7 13. b3 Nf5 14. Bf2 a5 15. c4 a4
16. cxd5 cxd5 17. Bb5 axb3 18. a4 Be7 19. Qxb3 O-O 20. Rfb1 Nb8 21. Ra2 Nc6 22.
Rc2 Qb6 23. Qc3 Rfc8 24. Qe1 Qa5 25. Qc1 Kg7 26. Kh2 Rc7 27. Be1 Qa7 28. a5
Nfxd4 29. Nxd4 Qxd4 30. a6 bxa6 31. Bxc6 Rh8 32. Ba5 Rcc8 33. Rb7 Bd8 34. Bc3
Qd3 35. Bd2 Qg3+ 36. Kh1 Qd3 37. Rc3 Qe2 38. Bd7 Rxc3 39. Qxc3 Qf1+ 40. Kh2 Kg8
41. Bxe6 1-0

[Event "Bundesliga 0001"]
[Site "Deutschland"]
[Date "2001.04.28"]
[Round "14.1"]
[White "Feygin, Michail"]
[Black "Balcerak, Jakob"]
[Result "1/2-1/2"]
[WhiteElo "2482"]
[BlackElo "2413"]
[PlyCount "46"]
[EventDate "2000.10.14"]
[EventType "team"]
[EventRounds "15"]
[EventCountry "GER"]
[SourceTitle "Bundesliga 0001"]
[Source "DeepChess"]
[SourceDate "2005.01.01"]
[SourceVersion "1"]
[SourceVersionDate "2005.01.01"]
[SourceQuality "1"]
[WhiteTeam "SC Hassel KS Gelsenkirchen"]
[BlackTeam "TSV Schott Mainz"]
[WhiteTeamCountry "GER"]
[BlackTeamCountry "GER"]

1. e4 c5 2. Nf3 d6 3. d4 cxd4 4. Nxd4 Nf6 5. Nc3 a6 6. Bc4 e6 7. a3 Nc6 8. Ba2
Be7 9. Be3 O-O 10. f4 Qc7 11. O-O b5 12. f5 Nxd4 13. Qxd4 Ng4 14. fxe6 Bxe6 15.
Nd5 Bxd5 16. Bxd5 Rad8 17. c3 Bf6 18. Qa7 Qxa7 19. Bxa7 Rd7 20. Bf2 Be5 21. h3
Nxf2 22. Rxf2 g6 23. Rd2 Rb8 1/2-1/2

[Event "Bundesliga 0001"]
[Site "Deutschland"]
[Date "2001.04.28"]
[Round "14.2"]
[White "Kosten, Anthony C"]
[Black "Kishnev, Sergey"]
[Result "1-0"]
[WhiteElo "2524"]
[BlackElo "2495"]
[PlyCount "72"]
[EventDate "2000.10.14"]
[EventType "team"]
[EventRounds "15"]
[EventCountry "GER"]
[SourceTitle "Bundesliga 0001"]
[Source "DeepChess"]
[SourceDate "2005.01.01"]
[SourceVersion "1"]
[SourceVersionDate "2005.01.01"]
[SourceQuality "1"]
[WhiteTeam "TSV Schott Mainz"]
[BlackTeam "SC Hassel KS Gelsenkirchen"]
[WhiteTeamCountry "GER"]
[BlackTeamCountry "GER"]

1. c4 e5 2. g3 Nf6 3. Bg2 d5 4. cxd5 Nxd5 5. Nf3 Nc6 6. O-O Be7 7. d4 exd4 8.
Nxd4 Nxd4 9. Qxd4 Nf6 10. Qa4+ Qd7 11. Qc2 c6 12. e4 O-O 13. Nc3 Qd6 14. Re1
Qc5 15. h3 Re8 16. Be3 Qh5 17. Ne2 Bd6 18. Rad1 Be5 19. g4 Bxg4 20. hxg4 Nxg4
21. Nd4 g5 22. Nf5 Nh2 23. Rd7 Re6 24. Qd1 g4 25. Rd8+ Re8 26. Rxe8+ Rxe8 27.
Qd7 Rb8 28. Rd1 h6 29. Nxh6+ Kf8 30. Qf5 Nf3+ 31. Bxf3 Qxf5 32. exf5 gxf3 33.
Rd7 f6 34. Bc5+ Ke8 35. Re7+ Kd8 36. Nf7+ Kc8 1-0

[Event "Bundesliga 0001"]
[Site "Deutschland"]
[Date "2001.04.28"]
[Round "14.3"]
[White "Kalka, Arkadius Georg"]
[Black "Cicak, Slavko"]
[Result "1/2-1/2"]
[WhiteElo "2378"]
[BlackElo "2543"]
[PlyCount "88"]
[EventDate "2000.10.14"]
[EventType "team"]
[EventRounds "15"]
[EventCountry "GER"]
[SourceTitle "Bundesliga 0001"]
[Source "DeepChess"]
[SourceDate "2005.01.01"]
[SourceVersion "1"]
[SourceVersionDate "2005.01.01"]
[SourceQuality "1"]
[WhiteTeam "SC Hassel KS Gelsenkirchen"]
[BlackTeam "TSV Schott Mainz"]
[WhiteTeamCountry "GER"]
[BlackTeamCountry "GER"]

1. d4 Nf6 2. c4 g6 3. Nc3 Bg7 4. e4 O-O 5. Nf3 c5 6. dxc5 Na6 7. e5 Ng4 8. Bf4
Nxc5 9. h3 Ne6 10. Bg3 Nh6 11. Bd3 b6 12. O-O Nc5 13. Bc2 Ba6 14. b4 Ne6 15. b5
Bb7 16. Nd5 Rc8 17. Qe2 f5 18. exf6 exf6 19. Rad1 Re8 20. Rfe1 Nf7 21. Bh4 Bxd5
22. cxd5 Nc7 23. Qd3 Nxb5 24. Qxb5 Rxc2 25. d6 Rxe1+ 26. Rxe1 Bf8 27. Qb3 Rc5
28. Ne5 Rxe5 29. Rxe5 g5 30. Bxg5 fxg5 31. Rf5 Qe8 32. Rxg5+ Bg7 33. Rg4 Kh8
34. g3 Nxd6 35. Qd5 Nc8 36. Rc4 Ne7 37. Re4 Bf6 38. Qd6 Kg7 39. Qc7 Nd5 40.
Rg4+ Kf7 41. Qc2 Qe1+ 42. Kg2 Bg7 43. Qxh7 Ne3+ 44. fxe3 Qe2+ 1/2-1/2

[Event "Bundesliga 0001"]
[Site "Deutschland"]
[Date "2001.04.28"]
[Round "14.4"]
[White "Vogler, Tilmann"]
[Black "Kotter, Ralf"]
[Result "1-0"]
[WhiteElo "2373"]
[BlackElo "2369"]
[PlyCount "99"]
[EventDate "2000.10.14"]
[EventType "team"]
[EventRounds "15"]
[EventCountry "GER"]
[SourceTitle "Bundesliga 0001"]
[Source "DeepChess"]
[SourceDate "2005.01.01"]
[SourceVersion "1"]
[SourceVersionDate "2005.01.01"]
[SourceQuality "1"]
[WhiteTeam "TSV Schott Mainz"]
[BlackTeam "SC Hassel KS Gelsenkirchen"]
[WhiteTeamCountry "GER"]
[BlackTeamCountry "GER"]

1. d4 Nf6 2. Nc3 d5 3. Bg5 Nbd7 4. f3 c6 5. Qd2 e6 6. e4 h6 7. Bf4 Bb4 8. e5
Ng8 9. a3 Bf8 10. h4 c5 11. Be3 a6 12. h5 Ne7 13. f4 Nf5 14. Nf3 Ng3 15. Rh3
Nxf1 16. Kxf1 Qb6 17. b3 Qc7 18. f5 Nb6 19. a4 Bd7 20. Rg3 Nc8 21. dxc5 Ne7 22.
fxe6 Bxe6 23. Bf2 O-O-O 24. b4 Nf5 25. a5 Nxg3+ 26. Bxg3 g6 27. hxg6 Rg8 28.
Bh4 Be7 29. gxf7 Rg6 30. Qd3 Rg4 31. Be1 Rf4 32. Ne2 Rxf7 33. Ned4 Qxe5 34. Bf2
Qg7 35. Re1 Bg4 36. Ne5 Rf4 37. Nxg4 Qxg4 38. Rxe7 Rdf8 39. Nf3 Rxb4 40. Qxd5
Rb1+ 41. Re1 Rxe1+ 42. Bxe1 Rg8 43. Nd4 Qf4+ 44. Kg1 Qe3+ 45. Bf2 Qc1+ 46. Kh2
Qf4+ 47. Kh1 Rg5 48. Qe6+ Kb8 49. Qe8+ Ka7 50. Nf3 1-0

[Event "Bundesliga 0001"]
[Site "Deutschland"]
[Date "2001.04.28"]
[Round "14.5"]
[White "Meessen, Rudolf"]
[Black "Wornath, Kai Rudolf"]
[Result "0-1"]
[WhiteElo "2306"]
[BlackElo "2398"]
[PlyCount "50"]
[EventDate "2000.10.14"]
[EventType "team"]
[EventRounds "15"]
[EventCountry "GER"]
[SourceTitle "Bundesliga 0001"]
[Source "DeepChess"]
[SourceDate "2005.01.01"]
[SourceVersion "1"]
[SourceVersionDate "2005.01.01"]
[SourceQuality "1"]
[WhiteTeam "SC Hassel KS Gelsenkirchen"]
[BlackTeam "TSV Schott Mainz"]
[WhiteTeamCountry "GER"]
[BlackTeamCountry "GER"]

1. d4 Nf6 2. c4 c5 3. d5 e6 4. Nc3 exd5 5. cxd5 Bd6 6. e4 O-O 7. f4 Nxe4 8.
Nxe4 Re8 9. Qe2 Bf8 10. g4 b6 11. Bg2 Ba6 12. Qe3 Bc4 13. Bd2 Qh4+ 14. Kd1 Bxd5
15. h3 Qe7 16. Nf6+ Qxf6 17. Qxe8 Bxg2 18. Rh2 Qxb2 19. Rc1 Bc6 20. Re2 Na6 21.
Qe3 Qxa2 22. Nf3 Qd5 23. Ne5 Ba4+ 24. Ke1 d6 25. Nf3 Bb5 0-1

[Event "Bundesliga 0001"]
[Site "Deutschland"]
[Date "2001.04.28"]
[Round "14.6"]
[White "Neidhardt, Claus Ulrich"]
[Black "Baumhus, Reinhard"]
[Result "1-0"]
[WhiteElo "2429"]
[BlackElo "2341"]
[PlyCount "126"]
[EventDate "2000.10.14"]
[EventType "team"]
[EventRounds "15"]
[EventCountry "GER"]
[SourceTitle "Bundesliga 0001"]
[Source "DeepChess"]
[SourceDate "2005.01.01"]
[SourceVersion "1"]
[SourceVersionDate "2005.01.01"]
[SourceQuality "1"]
[WhiteTeam "TSV Schott Mainz"]
[BlackTeam "SC Hassel KS Gelsenkirchen"]
[WhiteTeamCountry "GER"]
[BlackTeamCountry "GER"]

1. d4 d5 2. c4 Nc6 3. Nc3 dxc4 4. d5 Ne5 5. f4 Ng4 6. e4 e5 7. f5 h5 8. Bxc4
Bc5 9. Nf3 a6 10. Qe2 Qd6 11. h3 N4f6 12. a3 Ne7 13. b4 Ba7 14. Be3 Bxe3 15.
Qxe3 g6 16. O-O h4 17. Ra2 Nh5 18. Ne2 gxf5 19. exf5 Nxf5 20. Qxe5+ Qxe5 21.
Nxe5 O-O 22. Nf4 Nhg3 23. Re1 Re8 24. Kf2 Nd6 25. Bd3 Bf5 26. Bxf5 Ndxf5 27.
Raa1 Kg7 28. Rac1 Re7 29. Nf3 Ne4+ 30. Kg1 Rae8 31. Re2 Neg3 32. Rec2 Re4 33.
Nd3 Ne2+ 34. Rxe2 Rxe2 35. Rxc7 R2e3 36. Nc5 Rxa3 37. Rxb7 Ra1+ 38. Kf2 Ra2+
39. Kg1 Ra1+ 40. Kf2 Ra2+ 41. Kg1 Kg8 42. Nd3 Ra1+ 43. Kf2 Nd6 44. Rb6 Ne4+ 45.
Ke3 Rd1 46. Nde5 Nc3 47. Kf2 f6 48. Rxf6 Ne4+ 49. Ke2 Nxf6 50. Kxd1 Nxd5 51.
Kd2 Nxb4 52. Kc3 Nd5+ 53. Kd4 Nf4 54. Nxh4 a5 55. Nc4 a4 56. Nf5 Ra8 57. Na3
Rb8 58. Kc4 Rb3 59. Nb5 Nd5 60. Nfd4 Ne3+ 61. Kc5 Rd3 62. Ne2 a3 63. Nxa3 Rd2
1-0

[Event "Bundesliga 0001"]
[Site "Deutschland"]
[Date "2001.04.28"]
[Round "14.8"]
[White "Grafl, Florian"]
[Black "Balster, Stefan"]
[Result "0-1"]
[WhiteElo "2299"]
[BlackElo "2338"]
[PlyCount "148"]
[EventDate "2000.10.14"]
[EventType "team"]
[EventRounds "15"]
[EventCountry "GER"]
[SourceTitle "Bundesliga 0001"]
[Source "DeepChess"]
[SourceDate "2005.01.01"]
[SourceVersion "1"]
[SourceVersionDate "2005.01.01"]
[SourceQuality "1"]
[WhiteTeam "TSV Schott Mainz"]
[BlackTeam "SC Hassel KS Gelsenkirchen"]
[WhiteTeamCountry "GER"]
[BlackTeamCountry "GER"]

1. e4 c5 2. Nf3 e6 3. d4 cxd4 4. Nxd4 Nc6 5. Nb5 d6 6. Bf4 e5 7. Bg5 Qxg5 8.
Nc7+ Kd8 9. Nxa8 b6 10. Nc3 Bb7 11. h4 Qg6 12. h5 Qe6 13. Nxb6 axb6 14. Nd5 Nf6
15. Qd3 Na7 16. Qe3 Nc8 17. Nc3 g6 18. hxg6 fxg6 19. f3 h5 20. g4 Be7 21. O-O-O
Nh7 22. Kb1 Bg5 23. Qe2 h4 24. Qb5 Qd7 25. Qb3 Nf6 26. Bc4 Ke7 27. Bf7 Rh6 28.
Rh3 Be3 29. Nb5 Bf4 30. a4 g5 31. Bg8 Nxg8 32. Qxg8 Rf6 33. Rd3 Qe6 34. Qh8 Rf8
35. Qg7+ Qf7 36. Qh6 Qf6 37. Qh7+ Rf7 38. Qg8 Qg7 39. Qxg7 Rxg7 40. Rc3 Kd8 41.
Rd3 Rd7 42. c4 Ba6 43. Na3 Ne7 44. b3 Ng6 45. Nc2 Bb7 46. Rh1 Nf8 47. Kb2 Ne6
48. Rdd1 Kc7 49. Kc3 Bc6 50. Rh3 Rf7 51. Rf1 Bg3 52. Rhh1 Rh7 53. Ne3 Nd4 54.
Nf5 Nxf5 55. gxf5 h3 56. b4 h2 57. a5 bxa5 58. bxa5 Bf4 59. a6 Rh3 60. Kb2 Kb6
61. f6 Rh6 62. f7 Rf6 63. Rd1 Kc7 64. a7 Rxf7 65. Ra1 Rf8 66. Kc3 g4 67. fxg4
Bxe4 68. Rhe1 Ba8 69. c5 dxc5 70. Kc4 Rh8 71. g5 h1=Q 72. Rxh1 Rxh1 73. Rxh1
Bxh1 74. g6 Bh6 0-1

[Event "Bundesliga 0001"]
[Site "Deutschland"]
[Date "2001.04.28"]
[Round "14.1"]
[White "Kasimdzhanov, Rustam"]
[Black "Schlindwein, Rolf"]
[Result "1-0"]
[WhiteElo "2690"]
[BlackElo "2441"]
[PlyCount "65"]
[EventDate "2000.10.14"]
[EventType "team"]
[EventRounds "15"]
[EventCountry "GER"]
[SourceTitle "Bundesliga 0001"]
[Source "DeepChess"]
[SourceDate "2005.01.01"]
[SourceVersion "1"]
[SourceVersionDate "2005.01.01"]
[SourceQuality "1"]
[WhiteTeam "SG 1868 Aljech. Solingen"]
[BlackTeam "SF 1982 Baiertal Schatthausen"]
[WhiteTeamCountry "GER"]
[BlackTeamCountry "GER"]

1. d4 Nf6 2. c4 e5 3. dxe5 Ne4 4. Nf3 Nc6 5. Nbd2 Nc5 6. g3 g5 7. Bg2 g4 8. Nh4
Bg7 9. Rb1 a5 10. O-O Bxe5 11. Ne4 Nxe4 12. Bxe4 d6 13. Be3 Be6 14. b3 Qd7 15.
Qd2 f5 16. Bh1 Qg7 17. a3 h5 18. Rfd1 Bf6 19. Bd5 Bc8 20. c5 dxc5 21. Rbc1 Ne5
22. Rxc5 c6 23. Bg2 Be6 24. Qd6 Qd7 25. Nxf5 O-O-O 26. Rxa5 Qxd6 27. Rxd6 Bxf5
28. Rxf6 Rd1+ 29. Bf1 Nf3+ 30. exf3 Bd3 31. Ra8+ Kd7 32. Rxh8 Bxf1 33. Rd6+ 1-0

[Event "Bundesliga 0001"]
[Site "Deutschland"]
[Date "2001.04.28"]
[Round "14.4"]
[White "Buhmann, Rainer"]
[Black "Huebner, Robert"]
[Result "1/2-1/2"]
[WhiteElo "2416"]
[BlackElo "2615"]
[PlyCount "49"]
[EventDate "2000.10.14"]
[EventType "team"]
[EventRounds "15"]
[EventCountry "GER"]
[SourceTitle "Bundesliga 0001"]
[Source "DeepChess"]
[SourceDate "2005.01.01"]
[SourceVersion "1"]
[SourceVersionDate "2005.01.01"]
[SourceQuality "1"]
[WhiteTeam "SF 1982 Baiertal Schatthausen"]
[BlackTeam "SG 1868 Aljech. Solingen"]
[WhiteTeamCountry "GER"]
[BlackTeamCountry "GER"]

1. d4 Nf6 2. c4 e6 3. Nf3 b6 4. a3 d5 5. Nc3 Be7 6. Bg5 O-O 7. cxd5 exd5 8. g3
Bb7 9. Bxf6 Bxf6 10. Bg2 Nc6 11. O-O Ne7 12. b4 c6 13. Qb3 Nf5 14. Rfd1 Re8 15.
Rac1 b5 16. e3 Nd6 17. Ne5 Bxe5 18. dxe5 Rxe5 19. e4 Rc8 20. exd5 c5 21. bxc5
Rxc5 22. a4 a6 23. axb5 axb5 24. Na2 Rxc1 25. Nxc1 1/2-1/2

[Event "Bundesliga 0001"]
[Site "Deutschland"]
[Date "2001.04.28"]
[Round "14.5"]
[White "Sadler, Matthew"]
[Black "Duppel, Matthias"]
[Result "1-0"]
[WhiteElo "2628"]
[BlackElo "2376"]
[PlyCount "78"]
[EventDate "2000.10.14"]
[EventType "team"]
[EventRounds "15"]
[EventCountry "GER"]
[SourceTitle "Bundesliga 0001"]
[Source "DeepChess"]
[SourceDate "2005.01.01"]
[SourceVersion "1"]
[SourceVersionDate "2005.01.01"]
[SourceQuality "1"]
[WhiteTeam "SG 1868 Aljech. Solingen"]
[BlackTeam "SF 1982 Baiertal Schatthausen"]
[WhiteTeamCountry "GER"]
[BlackTeamCountry "GER"]

1. d4 d5 2. c4 c6 3. Nf3 e6 4. Nbd2 Nd7 5. e4 dxe4 6. Nxe4 Ngf6 7. Bd3 Nxe4 8.
Bxe4 Bb4+ 9. Bd2 Bxd2+ 10. Qxd2 O-O 11. O-O-O Nf6 12. Bc2 Qc7 13. Qg5 b5 14. c5
Nd5 15. Kb1 f6 16. Qd2 a5 17. h4 g6 18. Rde1 a4 19. g3 Bd7 20. Ka1 Rad8 21. Be4
Bc8 22. Qc2 Kh8 23. Re2 Qg7 24. Rd2 Nb4 25. Qd1 Qf7 26. Bb1 Rd7 27. Re1 Rfd8
28. Qc1 Re7 29. Rde2 Nd5 30. Be4 Rde8 31. Qd2 e5 32. dxe5 Bg4 33. e6 Bxe6 34.
Nd4 Bd7 35. a3 Re5 36. f4 R5e7 37. Qa5 Bg4 38. Bxd5 Qxd5 39. Rxe7 Rxe7 $138 1-0

[Event "Bundesliga 0001"]
[Site "Deutschland"]
[Date "2001.04.28"]
[Round "14.6"]
[White "Meissner, Bernd Guenther"]
[Black "Lobron, Eric"]
[Result "0-1"]
[WhiteElo "2372"]
[BlackElo "2530"]
[PlyCount "136"]
[EventDate "2000.10.14"]
[EventType "team"]
[EventRounds "15"]
[EventCountry "GER"]
[SourceTitle "Bundesliga 0001"]
[Source "DeepChess"]
[SourceDate "2005.01.01"]
[SourceVersion "1"]
[SourceVersionDate "2005.01.01"]
[SourceQuality "1"]
[WhiteTeam "SF 1982 Baiertal Schatthausen"]
[BlackTeam "SG 1868 Aljech. Solingen"]
[WhiteTeamCountry "GER"]
[BlackTeamCountry "GER"]

1. d4 Nf6 2. c4 e6 3. Nc3 Bb4 4. f3 Nc6 5. e4 d5 6. a3 Bxc3+ 7. bxc3 dxe4 8.
Bg5 h6 9. Bh4 b6 10. fxe4 g5 11. e5 gxh4 12. exf6 Bb7 13. Nf3 Qxf6 14. Bd3 h3
15. O-O O-O-O 16. Be4 Qg7 17. g3 h5 18. Bxc6 Bxc6 19. Ne5 Bb7 20. Rxf7 Qg8 21.
Qf1 Rh7 22. Rf6 c5 23. Rd1 Qg5 24. Qf4 Qxf4 25. Rxf4 cxd4 26. cxd4 Rc7 27. Kf2
b5 28. c5 Rxc5 29. dxc5 Rxd1 30. c6 Ba6 31. Rf7 Rd5 32. Nf3 Rc5 33. Nd4 Rc4 34.
Nxe6 Rxc6 35. Nd4 Rd6 36. Ke3 Bb7 37. Nxb5 Re6+ 38. Kd2 a6 39. Nd4 Rb6 40. Kc3
Rb1 41. Nf5 Kb8 42. Nd6 Bg2 43. Rh7 Rh1 44. Rxh5 Rxh2 45. Rh8+ Kc7 46. Ne8+ Kb6
47. g4 Bc6 48. Nd6 Rh1 49. Nc4+ Kc7 50. Rh7+ Kd8 51. Kd4 h2 52. Nd2 Ke8 53. g5
Kf8 54. Kd3 Kg8 55. Rh6 Ba4 56. Kc3 a5 57. Kb2 Bd1 58. a4 Kg7 59. Nc4 Bf3 60.
Ne5 Be4 61. Ka2 Re1 62. Rxh2 Bd5+ 63. Kb2 Rxe5 64. Rh6 Re4 65. Rd6 Bf7 66. Ra6
Rxa4 67. Kc3 Rc4+ 68. Kd3 Rc5 0-1

[Event "Bundesliga 0001"]
[Site "Deutschland"]
[Date "2001.04.28"]
[Round "14.7"]
[White "Naumann, Alexander"]
[Black "Koch, Wolfgang Max"]
[Result "1-0"]
[WhiteElo "2489"]
[BlackElo "2335"]
[PlyCount "45"]
[EventDate "2000.10.14"]
[EventType "team"]
[EventRounds "15"]
[EventCountry "GER"]
[SourceTitle "Bundesliga 0001"]
[Source "DeepChess"]
[SourceDate "2005.01.01"]
[SourceVersion "1"]
[SourceVersionDate "2005.01.01"]
[SourceQuality "1"]
[WhiteTeam "SG 1868 Aljech. Solingen"]
[BlackTeam "SF 1982 Baiertal Schatthausen"]
[WhiteTeamCountry "GER"]
[BlackTeamCountry "GER"]

1. e4 d6 2. d4 Nf6 3. Nc3 g6 4. Bg5 c6 5. Qd2 b5 6. Bd3 h6 7. Bh4 Bg7 8. f4 Qb6
9. Nf3 Bg4 10. Bf2 b4 11. Na4 Qa5 12. b3 d5 13. Ne5 dxe4 14. Bc4 Rf8 15. O-O
Bf5 16. a3 Nd5 17. axb4 Qxb4 18. Qxb4 Nxb4 19. Nb6 e3 20. Nxa8 exf2+ 21. Rxf2
Nxc2 22. Rxa7 Nxd4 23. Nb6 1-0

[Event "Bundesliga 0001"]
[Site "Deutschland"]
[Date "2001.04.28"]
[Round "14.8"]
[White "Balzar, Andreas"]
[Black "Schaefer, Markus"]
[Result "1/2-1/2"]
[WhiteElo "2346"]
[BlackElo "2393"]
[PlyCount "60"]
[EventDate "2000.10.14"]
[EventType "team"]
[EventRounds "15"]
[EventCountry "GER"]
[SourceTitle "Bundesliga 0001"]
[Source "DeepChess"]
[SourceDate "2005.01.01"]
[SourceVersion "1"]
[SourceVersionDate "2005.01.01"]
[SourceQuality "1"]
[WhiteTeam "SF 1982 Baiertal Schatthausen"]
[BlackTeam "SG 1868 Aljech. Solingen"]
[WhiteTeamCountry "GER"]
[BlackTeamCountry "GER"]

1. e4 e6 2. d4 d5 3. Nc3 Nf6 4. Bg5 Be7 5. e5 Nfd7 6. h4 c5 7. Bxe7 Kxe7 8. f4
Qb6 9. Na4 Qa5+ 10. c3 b6 11. a3 c4 12. b4 cxb3 13. Qxb3 Nc6 14. Qb5 Bb7 15.
Nf3 Qxb5 16. Bxb5 h5 17. Nd2 Na5 18. Nb2 Rac8 19. Rh3 g6 20. a4 Rc7 21. Kf2
Rhc8 22. Ra3 Nb8 23. Re3 Nbc6 24. Nf3 Nc4 25. Nxc4 dxc4 26. Bxc6 Bxc6 27. Nd2
Bd5 28. Re1 a6 29. Rb1 Rb8 30. g3 Rcb7 1/2-1/2

[Event "Bundesliga 0001"]
[Site "Deutschland"]
[Date "2001.??.??"]
[Round "14.2"]
[White "Stohl, Igor"]
[Black "Watson, William N"]
[Result "1/2-1/2"]
[WhiteElo "2578"]
[BlackElo "2527"]
[PlyCount "23"]
[EventDate "2000.10.14"]
[EventType "team"]
[EventRounds "15"]
[EventCountry "GER"]
[SourceTitle "Bundesliga 0001"]
[Source "DeepChess"]
[SourceDate "2005.01.01"]
[SourceVersion "1"]
[SourceVersionDate "2005.01.01"]
[SourceQuality "1"]
[WhiteTeam "SF Neukoelln 03 e.V."]
[BlackTeam "SV Castrop Rauxel 1923"]
[WhiteTeamCountry "GER"]
[BlackTeamCountry "GER"]

1. d4 d6 2. Nf3 g6 3. g3 Bg7 4. Bg2 Nd7 5. O-O e5 6. e4 Ngf6 7. Re1 O-O 8. h3
b5 9. a4 b4 10. c3 Bb7 11. Nbd2 bxc3 12. bxc3 1/2-1/2

[Event "Bundesliga 0001"]
[Site "Deutschland"]
[Date "2001.??.??"]
[Round "14.4"]
[White "Appel, Ralf"]
[Black "Bunzmann, Dimitrij"]
[Result "0-1"]
[WhiteElo "2481"]
[BlackElo "2484"]
[PlyCount "64"]
[EventDate "2000.10.14"]
[EventType "team"]
[EventRounds "15"]
[EventCountry "GER"]
[SourceTitle "Bundesliga 0001"]
[Source "DeepChess"]
[SourceDate "2005.01.01"]
[SourceVersion "1"]
[SourceVersionDate "2005.01.01"]
[SourceQuality "1"]
[WhiteTeam "SV Castrop Rauxel 1923"]
[BlackTeam "SF Neukoelln 03 e.V."]
[WhiteTeamCountry "GER"]
[BlackTeamCountry "GER"]

1. Nf3 Nf6 2. g3 d5 3. Bg2 Bf5 4. O-O e6 5. d3 h6 6. c4 Nbd7 7. Nc3 Bh7 8. cxd5
exd5 9. Be3 Bc5 10. Bxc5 Nxc5 11. b4 Ne6 12. Qa4+ c6 13. b5 O-O 14. bxc6 bxc6
15. Rac1 Qd6 16. Qa6 Rab8 17. Na4 Rfc8 18. Rc2 Bf5 19. h3 Qa3 20. Nc5 Qxa6 21.
Nxa6 Rb5 22. g4 Bh7 23. a4 Ra5 24. Nb4 c5 25. Na2 Rxa4 26. Rb1 c4 27. Bf1 g5
28. Rcb2 d4 29. Ne5 c3 30. Rc2 Rc5 31. Nf3 Nd5 32. Rb7 Rca5 0-1

[Event "Bundesliga 0001"]
[Site "Deutschland"]
[Date "2001.??.??"]
[Round "14.4"]
[White "Berndt, Stephan"]
[Black "Bosch, Jeroen"]
[Result "1-0"]
[WhiteElo "2478"]
[BlackElo "2405"]
[PlyCount "41"]
[EventDate "2000.10.14"]
[EventType "team"]
[EventRounds "15"]
[EventCountry "GER"]
[SourceTitle "Bundesliga 0001"]
[Source "DeepChess"]
[SourceDate "2005.01.01"]
[SourceVersion "1"]
[SourceVersionDate "2005.01.01"]
[SourceQuality "1"]
[WhiteTeam "SF Neukoelln 03 e.V."]
[BlackTeam "SV Castrop Rauxel 1923"]
[WhiteTeamCountry "GER"]
[BlackTeamCountry "GER"]

1. e4 c5 2. Nf3 d6 3. d4 cxd4 4. Nxd4 Nf6 5. Nc3 Bd7 6. Bc4 e6 7. O-O Be7 8. f4
Nc6 9. Be3 O-O 10. Bb3 Nxd4 11. Bxd4 Bc6 12. Qd3 Qa5 13. f5 e5 14. Be3 Rad8 15.
Rad1 Ng4 16. Kh1 Nxe3 17. Qxe3 Rd7 18. f6 gxf6 19. Qh6 Kh8 20. Rxf6 Qd8 21. Rf5
1-0